| 000 | 00798nam a2200241 i 4500 | ||
|---|---|---|---|
| 001 | 188018 | ||
| 003 | SpMaBN | ||
| 005 | 20250716063340.0 | ||
| 008 | 180411s1979 fr |||| | fre d | ||
| 020 | _a2-246-00771-2 | ||
| 080 | _a316.42 | ||
| 080 | _a35(44) | ||
| 100 | 1 |
_aCrozier, Michel, _d1922-2013 _eaut _941759 |
|
| 245 | 1 | 0 |
_aOn ne change pas la société par décret / _cMichel Crozier. |
| 260 |
_aParis : _bBernard Grasset, _c[1979] |
||
| 300 |
_a298 páginas ; _c20 cm. |
||
| 650 | 4 |
_aCambio social- _zFrancia. _9164595 |
|
| 651 | 4 |
_aFrancia- _xPolítica social. _9164597 |
|
| 852 |
_aES-MaACL _cDEPO2 _hDonat. herederos de la bibl. de Mª del Pilar Costa Palacín _jL-31903 |
||
| 942 |
_2udc _cMONOGRAFIA _n0 |
||
| 999 |
_c188018 _d188018 |
||